Países com maior média de altura masculina - Statistics

Estatísticas Gerais
  • Esse quiz foi jogado 100 vezes
  • A pontuação média é 15 de 20
Estatísticas das Respostas
Altura em cm País % Correto
179,5 Noruega
89%
180,2 Suécia
89%
181,0 Alemanha
88%
178,2 Finlândia
88%
178,0 Estados Unidos
87%
183,8 Países Baixos
84%
177,7 Reino Unido
82%
178,2 Suíça
80%
180,3 Dinamarca
79%
181,7 Islândia
79%
177,0 França
78%
177,8 Austrália
77%
178,7 Polônia
76%
179,5 Bélgica
73%
179,6 Austria
70%
181,3 Estônia
66%
181,3 Lituânia
64%
176,9 Nova Zelândia
63%
180,3 República Checa
58%
178,6 Grécia
53%
Nenhum quiz correspondente encontrado
Distribuição das Pontuações
Porcentagem de Pessoas com Cada Pontuação
Percentil de Números Respondidos
Sua Pontuação Histórica
Você não jogou esse quiz